Guess the Famous People from their Eyes #12 - Statistics

General Stats
  • This quiz has been taken 371 times
  • The average score is 5 of 16
Answer Stats
Picture Answer % Correct
Jennifer Lawrence
86%
Cher
76%
Liam Hemsworth
73%
Chris Rock
51%
Anthony Hopkins
46%
Ana de Armas
32%
Chris Brown
26%
Robbie Williams
25%
Chrissy Teigen
20%
Boris Yeltsin
13%
Melanie C
13%
Kunal Nayyar
12%
Lance Armstrong
8%
Janet Jackson
7%
Nadia Comaneci
6%
Monica Seles
3%
No matching quizzes found
Score Distribution
Percent of People with Each Score
Percentile by Number Answered
Your Score History
You have not taken this quiz